Fyzikálna modifikácia vlákien

Guardado en:
Detalles Bibliográficos
Autor principal: Murárová, Anna, 1947- (Autor)
Formato: Manuscrito Libro
Lenguaje:eslovaco
Publicado: Bratislava : STU v Bratislave FCHPT, 2002
Edición:Obháj.: 25.6.2002
Etiquetas: Agregar Etiqueta
Sin Etiquetas, Sea el primero en etiquetar este registro!

MARC

LEADER 00000ntm a22000003a 4500
001 stu77904
005 20150617225641.6
008 021111s2002----xo------------------slo-d
040 |a STU  |b slo 
041 0 |a slo 
044 |a xo 
080 |a 678.01(043.5) 
100 1 |a Murárová, Anna,  |d 1947-  |4 aut  |u C9150  |U FCHPT Ústav prírodných a syntetických polymérov  |T FCHPT Oddelenie vlákien a textilu  |X 3316  |U C9150  |Y 126  |7 A000003316 
245 1 |a Fyzikálna modifikácia vlákien 
250 |a Obháj.: 25.6.2002 
260 |a Bratislava :  |b STU v Bratislave FCHPT,  |c 2002 
300 |a 30 s. Obr.,tab.,grafy,lit  |c príloha 
500 |a (Katedra vlákien a textilu) 
996 |b 284C027021  |c C*H104  |l CCI  |s A  |a 24  |w stu77904_0001